Fundamentals of digital logic with VHDL design / (Record no. 11312)
[ view plain ]
| 000 -LEADER | |
|---|---|
| fixed length control field | 02823cam a2200469 a 4500 |
| 001 - CONTROL NUMBER | |
| control field | 15141403 |
| 005 - DATE AND TIME OF LATEST TRANSACTION | |
| control field | 20081030144003.0 |
| 008 - FIXED-LENGTH DATA ELEMENTS--GENERAL INFORMATION | |
| fixed length control field | 080114s2009 nyua 001 0 eng |
| 010 ## - LIBRARY OF CONGRESS CONTROL NUMBER | |
| LC control number | 2008001634 |
| 015 ## - NATIONAL BIBLIOGRAPHY NUMBER | |
| National bibliography number | GBA819508 |
| Source | bnb |
| 016 7# - NATIONAL BIBLIOGRAPHIC AGENCY CONTROL NUMBER | |
| Record control number | 014524283 |
| Source | Uk |
| 020 ## - INTERNATIONAL STANDARD BOOK NUMBER | |
| International Standard Book Number | 0077221435 |
| 020 ## - INTERNATIONAL STANDARD BOOK NUMBER | |
| International Standard Book Number | 9780077221430 |
| 035 ## - SYSTEM CONTROL NUMBER | |
| System control number | (OCoLC)191024028 |
| Canceled/invalid control number | (OCoLC)191811187 |
| 035 ## - SYSTEM CONTROL NUMBER | |
| System control number | (OCoLC)ocn191024028 |
| 040 ## - CATALOGING SOURCE | |
| Original cataloging agency | DLC |
| Transcribing agency | DLC |
| Modifying agency | UKM |
| -- | BTCTA |
| -- | YDXCP |
| -- | BAKER |
| -- | BWX |
| -- | COD |
| -- | IXA |
| -- | DLC |
| 050 00 - LIBRARY OF CONGRESS CALL NUMBER | |
| Classification number | TK7888.4 |
| Item number | .B76 2008 |
| 082 00 - DEWEY DECIMAL CLASSIFICATION NUMBER | |
| Classification number | 621.395 |
| Edition number | 22 |
| Item number | BRO |
| 100 1# - MAIN ENTRY--PERSONAL NAME | |
| Personal name | Brown, Stephen D. |
| 9 (RLIN) | 3740 |
| 245 10 - TITLE STATEMENT | |
| Title | Fundamentals of Digital Logic with VHDL Design / |
| Statement of responsibility, etc | Stephen Brown and Zvonko Vranesic. |
| 250 ## - EDITION STATEMENT | |
| Edition statement | 3rd ed. |
| Remainder of edition statement | International ed. |
| 260 ## - PUBLICATION, DISTRIBUTION, ETC. (IMPRINT) | |
| Place of publication, distribution, etc | New York, NY : |
| Name of publisher, distributor, etc | McGraw-Hill, 2009 |
| Date of publication, distribution, etc | c2009. |
| 300 ## - PHYSICAL DESCRIPTION | |
| Extent | xx, 939 p. : |
| Other physical details | ill. (some col.) ; |
| Dimensions | 24 cm. + |
| Accompanying material | 1 CD-ROM (4 3/4 in.) |
| 440 #0 - | |
| -- | McGraw-Hill series in electrical and computer engineering |
| -- | 3741 |
| 500 ## - GENERAL NOTE | |
| General note | Includes index. |
| 500 ## - GENERAL NOTE | |
| General note | Accompanying CD-ROM contains Altera's Quartus II CAD system and all VHDL examples presented in the book. |
| 538 ## - SYSTEM DETAILS NOTE | |
| System details note | Minimum system requirements (PC): Pentium III processor or later; Windows XP or later; USB port for connecting a USB-Blaster; TCP/IP networking protocol installed; Internet Explorer 6.0 or later. |
| 650 #0 - SUBJECT ADDED ENTRY--TOPICAL TERM | |
| Topical term or geographic name as entry element | Logic circuits |
| General subdivision | Design and construction |
| -- | Data processing. |
| 9 (RLIN) | 3742 |
| 650 #0 - SUBJECT ADDED ENTRY--TOPICAL TERM | |
| Topical term or geographic name as entry element | Logic design |
| General subdivision | Data processing. |
| 9 (RLIN) | 3743 |
| 650 #0 - SUBJECT ADDED ENTRY--TOPICAL TERM | |
| Topical term or geographic name as entry element | VHDL (Computer hardware description language) |
| 9 (RLIN) | 3744 |
| 653 ## - INDEX TERM--UNCONTROLLED | |
| Resource For college | |
| Arrived date list | October2011 |
| 700 1# - ADDED ENTRY--PERSONAL NAME | |
| Personal name | Vranesic, Zvonko G. |
| 9 (RLIN) | 3745 |
| 942 ## - ADDED ENTRY ELEMENTS (KOHA) | |
| Source of classification or shelving scheme | Dewey Decimal Classification |
| Item type | Book - Borrowing |
| Withdrawn status | Item status | Source of classification or shelving scheme | Damaged status | Not for loan | Vendor | Home library | Current library | Shelving location | Date acquired | Source of acquisition | Cost, normal purchase price | Serial Enumeration / chronology | Total Checkouts | Total Renewals | Full call number | Barcode | Date last seen | Date last borrowed | Koha item type | Materials specified (bound volume or other part) |
|---|---|---|---|---|---|---|---|---|---|---|---|---|---|---|---|---|---|---|---|---|
| Dewey Decimal Classification | Baccah | Central Library | Central Library | First floor | 15/04/2009 | 294.40 | 7073 | 7 | 28 | 621.395 BRO | 000015950 | 15/07/2025 | 06/04/2025 | Book - Borrowing | ||||||
| Dewey Decimal Classification | Baccah | Central Library | Central Library | First floor | 11/10/2011 | 6 | 90 | 621.395 BRO | 000025348 | 15/07/2025 | 16/03/2023 | Book - Borrowing | ||||||||
| Dewey Decimal Classification | Baccah | Central Library | Central Library | First floor | 11/10/2011 | 621.395 BRO | 000025349 | 24/08/2022 | CD | DVD - With book | |||||||||||
| Dewey Decimal Classification | Baccah | Central Library | Central Library | First floor | 11/10/2011 | 1 | 621.395 BRO | 000025350 | 15/07/2025 | 02/12/2012 | NB - Book (Non borrowing) | |||||||||
| Dewey Decimal Classification | Baccah | Central Library | Central Library | First floor | 11/10/2011 | 621.395 BRO | 000025351 | 24/08/2022 | CD | DVD - With book (NB) | |||||||||||
| Dewey Decimal Classification | Baccah | Central Library | Central Library | First floor | 11/10/2011 | 9 | 29 | 621.395 BRO | 000025347 | 15/07/2025 | 16/03/2023 | Book - Borrowing | ||||||||
| Dewey Decimal Classification | Baccah | Central Library | Central Library | First floor | 11/10/2011 | 621.395 BRO | 000025352 | 24/08/2022 | CD | DVD - With book | |||||||||||
| Dewey Decimal Classification | Central Library | Central Library | First floor | 13/05/2018 | 621.395 BRO | 000047758 | 15/07/2025 | Book - Borrowing | ||||||||||||
| Dewey Decimal Classification | Central Library | Central Library | First floor | 13/05/2018 | 621.395 BRO | 000047759 | 24/08/2022 | CD | DVD - With book | Lost In Inventory_2018-08-12 |